| 000 | 01559cam a2200373 i 4500 | ||
|---|---|---|---|
| 001 | 5075 | ||
| 003 | Mx-PuUPA | ||
| 005 | 20260324112019.0 | ||
| 008 | 140415s2025 uk ad fr 000 0 spa d | ||
| 020 | _a9781836646259 | ||
| 040 |
_cMx-PuUPA _aMx-PuUPA _bspa _dMx-PuUPA _erda |
||
| 041 | 0 | _aeng | |
| 100 | 1 |
_aShan, Jun, _eautor _917928 |
|
| 245 | 1 | 0 |
_aSQL for data analytics : _banalyze data effectively, uncover insights and master advanced SQL for real-world applications / _cJun Shan, Haibin Li, Matt Goldwasser, Upom Malik, Bejamin Johnston |
| 250 |
_aFourth edition / _bnovember |
||
| 264 | 1 |
_aBirmingham, UK : _bPackt Publishing, _c©2025 |
|
| 300 |
_axxv, 308 páginas : _bilustraciones, gráficas, tablas ; _c24 cm |
||
| 336 |
_2rdacontent _atexto _btxt |
||
| 337 |
_2rdamedia _asin medio _bn |
||
| 338 |
_2rdacarrier _avolumen _bnc |
||
| 650 | 7 |
_2armarc _aMinería de datos |
|
| 650 | 7 |
_2armarc _aExploración de datos (Informática) |
|
| 650 | 7 |
_2armarc _aSQL (Lenguaje de programación) |
|
| 650 | 7 |
_2armarc _aProcesamiento electrónico de datos |
|
| 700 | 1 |
_aLi, Haibin, _eautor |
|
| 700 | 1 |
_aGoldwasser, Matt, _eautor |
|
| 700 | 1 |
_aMalik, Upom, _eautor _911530 |
|
| 700 | 1 |
_aJohnston, Bejamin, _eautor |
|
| 942 |
_2ddc _cLI _h005.7565 _iS52 |
||
| 999 |
_c5075 _d5075 |
||